| 000 -LEADER |
| fixed length control field |
00502nam a22001817a 4500 |
| 008 - FIXED-LENGTH DATA ELEMENTS--GENERAL INFORMATION |
| fixed length control field |
151009b xxu||||| |||| 00| 0 eng d |
| 020 ## - INTERNATIONAL STANDARD BOOK NUMBER |
| International Standard Book Number |
0137053606 |
| 041 ## - LANGUAGE CODE |
| Language code of text/sound track or separate title |
eng |
| 080 ## - UNIVERSAL DECIMAL CLASSIFICATION NUMBER |
| Universal Decimal Classification number |
339.138 |
| 100 1# - Rafti |
| Rafti |
Kotler, Philip. |
| 245 10 - TITLE STATEMENT |
| Title |
Principles of marketing / |
| Statement of responsibility, etc |
Philip Kotler, Gary Armstrong. |
| 250 ## - |
| -- |
4th ed. |
| 260 ## - |
| -- |
Englewood Cliffs, N.J. : |
| -- |
Prentice Hall, |
| -- |
1989. |
| 300 ## - |
| -- |
xxiv, 661 f. : |
| -- |
me il.; |
| -- |
27 cm. |
| 650 #0 - |
| -- |
Marketing |
| 700 1# - |
| -- |
Armstrong, Gary |
| 942 ## - ADDED ENTRY ELEMENTS (KOHA) |
| Source of classification or shelving scheme |
|
| Item type |
Books |